[Event "34th Rubinstein Memorial"]
[Site "Polanica Zdroj POL"]
[Date "1997.08.20"]
[Round "2"]
[White "Andersson, Ulf"]
[Black "Alexandrov, Alexei"]
[WhiteElo "2640"]
[BlackElo "2660"]
[Result "1/2-1/2"]
[EventDate "1997.08.18"]
[PlyCount "47"]
1. Nf3 Nf6 2. c4 e6 3. g3 d5 4. d4 dxc4 5. Qa4+ Nbd7 6. Bg2 a6 7. Nc3 Be7 8. Ne5 O-O 9. Nxd7 Qxd7 10. Qxc4 b5 11. Qc6 Qxc6 12. Bxc6 Rb8 13. O-O Bb7 14. Bxb7 Rxb7 15. Rd1 c5 16. dxc5 Bxc5 17. Bf4 h6 18. Kg2 Rc8 19. Be5 Ng4 20. Bd4 Bxd4 21. Rxd4 Ne5 22. Rad1 Rbc7 23. Ne4 Rc2 24. R1d2 1/2-1/2

[Event "34th Rubinstein Memorial"]
[Site "Polanica Zdroj POL"]
[Date "1997.08.21"]
[Round "3"]
[White "Krasenkow, Michal"]
[Black "Kaminski, Marcin"]
[WhiteElo "2645"]
[BlackElo "2540"]
[Result "1/2-1/2"]
[EventDate "1997.08.18"]
[PlyCount "61"]
1. d4 d5 2. Nf3 Nf6 3. c4 dxc4 4. e3 e6 5. Bxc4 c5 6. Qe2 a6 7. dxc5 Bxc5 8. O-O b5 9. Bd3 Nc6 10. Nc3 Bb7 11. Ne4 Be7 12. Bd2 O-O 13. a4 b4 14. Rac1 Qb6 15. Nxf6+ Bxf6 16. e4 Nd4 17. Nxd4 Bxd4 18. a5 Qxa5 19. Rc4 Rfd8 20. Rxb4 Qc7 21. Rc4 Qb6 22. e5 Rac8 23. Rxc8 Rxc8 24. Kh1 Qc6 25. f3 Qd5 26. Bxa6 Bxa6 27. Qxa6 Ra8 28. Rc1 Qd8 29. Qd6 Bxb2 30. Rb1 Ba3 31. Qxd8+ 1/2-1/2

[Event "34th Rubinstein Memorial"]
[Site "Polanica Zdroj POL"]
[Date "1997.08.21"]
[Round "3"]
[White "Psakhis, Lev"]
[Black "Bareev, Evgeny"]
[WhiteElo "2565"]
[BlackElo "2670"]
[Result "1/2-1/2"]
[EventDate "1997.08.18"]
[PlyCount "52"]
1. e4 e6 2. d4 d5 3. Nd2 c5 4. exd5 exd5 5. Ngf3 Nf6 6. Bb5+ Bd7 7. Bxd7+ Nbxd7 8. O-O Be7 9. dxc5 Nxc5 10. Nb3 Nce4 11. Nfd4 Qd7 12. Qf3 O-O 13. Qf5 g6 14. Qxd7 Nxd7 15. Bf4 Bd6 16. Ne2 Nb6 17. Rfd1 Rfd8 18. f3 Bxf4 19. Nxf4 Nd6 20. Nd4 Rac8 21. a4 a6 22. b3 Ne8 23. g4 Nc7 24. Re1 Nd7 25. Rad1 Nb8 26. h4 Rd6 1/2-1/2

[Event "34th Rubinstein Memorial"]
[Site "Polanica Zdroj POL"]
[Date "1997.08.??"]
[Round "4"]
[White "Rublevsky, Sergei"]
[Black "Krasenkow, Michal"]
[WhiteElo "2650"]
[BlackElo "2645"]
[Result "1-0"]
[EventDate "1997.08.18"]
[PlyCount "71"]
1. e4 c5 2. Nf3 e6 3. c4 Nc6 4. Nc3 Nf6 5. Be2 d5 6. e5 Ne4 7. O-O Be7 8. Qc2 f5 9. Na4 h6 10. cxd5 Nb4 11. Qb3 exd5 12. d3 Ng5 13. Nh4 Be6 14. Bh5+ Kd7 15. d4 c4 16. Qd1 b5 17. Nc3 Qb6 18. Ng6 Nd3 19. Nxh8 Rxh8 20. Be2 Nxc1 21. Rxc1 Qc6 22. b3 b4 23. f4 bxc3 24. fxg5 hxg5 25. bxc4 dxc4 26. Bf3 Bd5 27. Rxc3 Rc8 28. Bxd5 Qxd5 29. Rxf5 Rb8 30. Rf1 Rb2 31. Qg4+ Kc7 32. Rfc1 Rb4 33. h3 Kb6 34. Kh1 Ka5 35. Qc8 Rb2 36. Qc7+ 1-0

[Event "34th Rubinstein Memorial"]
[Site "Polanica Zdroj POL"]
[Date "1997.08.22"]
[Round "4"]
[White "Ehlvest, Jaan"]
[Black "Andersson, Ulf"]
[WhiteElo "2610"]
[BlackElo "2640"]
[Result "1/2-1/2"]
[EventDate "1997.08.18"]
[PlyCount "27"]
1. e4 c5 2. Nf3 Nc6 3. Nc3 g6 4. Bb5 Bg7 5. O-O d6 6. Re1 e5 7. Nd5 a6 8. Bc4 b5 9. Bf1 Nge7 10. a4 Rb8 11. axb5 axb5 12. Nxe7 Qxe7 13. d3 O-O 14. Bg5 1/2-1/2

[Event "34th Rubinstein Memorial"]
[Site "Polanica Zdroj POL"]
[Date "1997.08.23"]
[Round "5"]
[White "Psakhis, Lev"]
[Black "Rublevsky, Sergei"]
[WhiteElo "2565"]
[BlackElo "2650"]
[Result "1/2-1/2"]
[EventDate "1997.08.18"]
[PlyCount "37"]
1. e4 c5 2. Nf3 e6 3. d4 cxd4 4. Nxd4 a6 5. Bd3 Nf6 6. O-O d6 7. c4 Bd7 8. Nc3 Nc6 9. Nxc6 Bxc6 10. Qe2 Be7 11. b3 O-O 12. Bb2 Qa5 13. a3 Rfe8 14. Rad1 Rac8 15. b4 Qh5 16. Qd2 Red8 17. Rfe1 Be8 18. Re3 Qg5 19. Ne2 1/2-1/2

[Event "34th Rubinstein Memorial"]
[Site "Polanica Zdroj POL"]
[Date "1997.08.??"]
[Round "6"]
[White "Kaminski, Marcin"]
[Black "Gelfand, Boris"]
[WhiteElo "2540"]
[BlackElo "2695"]
[Result "0-1"]
[EventDate "1997.08.18"]
[PlyCount "66"]
1. e4 c5 2. Nf3 d6 3. d4 cxd4 4. Qxd4 Nc6 5. Bb5 Bd7 6. Bxc6 Bxc6 7. Nc3 Nf6 8. Bg5 e6 9. O-O-O Be7 10. Qd3 Qa5 11. h4 h6 12. Bd2 Qa6 13. Qxa6 bxa6 14. Rhe1 Ng4 15. Re2 O-O 16. Nd4 Bd7 17. f3 Ne5 18. h5 Rfc8 19. b3 Rc5 20. Be1 Rac8 21. Nb1 Rb8 22. Bf2 Bf6 23. Be3 Rbc8 24. Red2 a5 25. c3 R5c7 26. Nc2 Be7 27. c4 a4 28. c5 axb3 29. axb3 Be8 30. f4 Ng4 31. Kb2 dxc5 32. Nba3 Rb8 33. Bg1 c4 0-1

[Event "34th Rubinstein Memorial"]
[Site "Polanica Zdroj POL"]
[Date "1997.08.??"]
[Round "6"]
[White "Krasenkow, Michal"]
[Black "Psakhis, Lev"]
[WhiteElo "2645"]
[BlackElo "2565"]
[Result "1/2-1/2"]
[EventDate "1997.08.18"]
[PlyCount "93"]
1. Nf3 Nf6 2. c4 b6 3. Nc3 Bb7 4. d4 e6 5. a3 d5 6. Bf4 Bd6 7. Bg3 O-O 8. e3 c5 9. dxc5 bxc5 10. Qb3 Bc6 11. Rd1 Bxg3 12. hxg3 Nbd7 13. g4 h6 14. g5 hxg5 15. Nxg5 Qa5 16. Qc2 d4 17. Bd3 Rfb8 18. Bh7+ Kf8 19. Qd2 e5 20. Be4 Nxe4 21. Ngxe4 Kg8 22. exd4 cxd4 23. Qg5 Bxe4 24. b4 Rxb4 25. Nxe4 Rb1+ 26. Ke2 Rxd1 27. Rxd1 Qa4 28. Nd6 Qc6 29. Qe7 Rf8 30. Rh1 Nf6 31. Qxe5 Qxg2 32. Rh2 Qg4+ 33. f3 d3+ 34. Ke3 Qg1+ 35. Kxd3 Rb8 36. Nb5 Rd8+ 37. Nd6 Qd1+ 38. Rd2 Qxf3+ 39. Kc2 Qc6 40. Rd4 Qa4+ 41. Kb2 Qc6 42. c5 Rb8+ 43. Rb4 Qg2+ 44. Kb3 Qf3+ 45. Ka4 Qc6+ 46. Kb3 Qf3+ 47. Ka4 1/2-1/2

[Event "34th Rubinstein Memorial"]
[Site "Polanica Zdroj POL"]
[Date "1997.08.??"]
[Round "6"]
[White "Rublevsky, Sergei"]
[Black "Alexandrov, Alexei"]
[WhiteElo "2650"]
[BlackElo "2660"]
[Result "1-0"]
[EventDate "1997.08.18"]
[PlyCount "93"]
1. e4 e5 2. Nf3 Nc6 3. d4 exd4 4. Nxd4 Nf6 5. Nxc6 bxc6 6. e5 Qe7 7. Qe2 Nd5 8. c4 Ba6 9. g3 d6 10. Bg2 dxe5 11. O-O e4 12. Qc2 Nb4 13. Qa4 Bb7 14. Nc3 f5 15. Bf4 g5 16. Be3 Bg7 17. Qa5 Nc2 18. Bc5 Qe5 19. Rad1 Bf8 20. Na4 Bc8 21. a3 Be6 22. Rd2 Bxc4 23. Rc1 Bb3 24. Rdxc2 Bxc2 25. Rxc2 Rd8 26. Bf1 h5 27. Qa6 Rh6 28. Bxa7 h4 29. Rxc6 Bd6 30. Qc4 hxg3 31. hxg3 f4 32. Nc3 fxg3 33. Qxe4 gxf2+ 34. Bxf2 Re6 35. Qh7 Rd7 36. Qh5+ Kd8 37. Ra6 Rf7 38. Bc4 Qf4 39. Ra8+ Kd7 40. Bxe6+ Kxe6 41. Re8+ Kd7 42. Re2 g4 43. Ne4 g3 44. Qb5+ c6 45. Qb7+ Kd8 46. Bb6+ Bc7 47. Qb8+ 1-0

[Event "34th Rubinstein Memorial"]
[Site "Polanica Zdroj POL"]
[Date "1997.08.26"]
[Round "7"]
[White "Andersson, Ulf"]
[Black "Kaminski, Marcin"]
[WhiteElo "2640"]
[BlackElo "2540"]
[Result "1/2-1/2"]
[EventDate "1997.08.18"]
[PlyCount "37"]
1. Nf3 Nf6 2. c4 g6 3. Nc3 Bg7 4. e4 d6 5. d4 O-O 6. Be2 e5 7. dxe5 dxe5 8. Qxd8 Rxd8 9. Bg5 Nbd7 10. O-O-O Rf8 11. Ne1 Nc5 12. f3 Ne6 13. Be3 c5 14. Nd3 b6 15. Rhe1 Nd7 16. Nd5 Bb7 17. Kb1 Nd4 18. Rc1 f5 19. Bd1 1/2-1/2

[Event "34th Rubinstein Memorial"]
[Site "Polanica Zdroj POL"]
[Date "1997.08.26"]
[Round "7"]
[White "Gelfand, Boris"]
[Black "Rublevsky, Sergei"]
[WhiteElo "2695"]
[BlackElo "2650"]
[Result "1/2-1/2"]
[EventDate "1997.08.18"]
[PlyCount "39"]
1. d4 d5 2. Nf3 e6 3. c4 dxc4 4. e3 c5 5. Bxc4 a6 6. O-O Nf6 7. Bd3 Nbd7 8. Re1 b5 9. a4 bxa4 10. e4 cxd4 11. e5 Nd5 12. Rxa4 Bb4 13. Bd2 Bxd2 14. Nbxd2 Nc5 15. Bb5+ Bd7 16. Bxd7+ Nxd7 17. Rxd4 O-O 18. Nc4 Rb8 19. Qd2 Rb4 20. h3 1/2-1/2

[Event "34th Rubinstein Memorial"]
[Site "Polanica Zdroj POL"]
[Date "1997.08.26"]
[Round "7"]
[White "Psakhis, Lev"]
[Black "Ehlvest, Jaan"]
[WhiteElo "2565"]
[BlackElo "2610"]
[Result "0-1"]
[EventDate "1997.08.18"]
[PlyCount "86"]
1. c4 g6 2. e4 Bg7 3. d4 d6 4. Nc3 Nf6 5. Be2 O-O 6. Nf3 e5 7. O-O Nc6 8. d5 Ne7 9. b4 Nh5 10. Re1 c6 11. Bb2 Nf4 12. Bf1 b6 13. dxc6 Nxc6 14. a3 Re8 15. Nd5 Ne6 16. Bd3 Bb7 17. Qd2 Rc8 18. Rad1 Rf8 19. Qc2 Kh8 20. Qb1 h5 21. Bc1 Kh7 22. a4 Rb8 23. Bf1 h4 24. h3 Kh8 25. Bd3 Bc8 26. Be3 Bd7 27. Bc2 Rc8 28. Nc3 Ncd4 29. Bxd4 Nxd4 30. Nxd4 exd4 31. Ne2 Rxc4 32. Qb3 Be6 33. Bd3 Rc7 34. Qb2 Qg5 35. f4 Qf6 36. Rf1 Bc4 37. Kh1 Bxd3 38. Rxd3 Qe7 39. f5 Rfc8 40. Qb3 Qxe4 41. Qd1 Rc2 42. Nf4 Rc1 43. Qf3 Be5 {44.e4 f145.h2 f4-+} 0-1

[Event "34th Rubinstein Memorial"]
[Site "Polanica Zdroj POL"]
[Date "1997.08.??"]
[Round "8"]
[White "Krasenkow, Michal"]
[Black "Gelfand, Boris"]
[WhiteElo "2645"]
[BlackElo "2695"]
[Result "1/2-1/2"]
[EventDate "1997.08.18"]
[PlyCount "70"]
1. c4 e5 2. Nc3 Nf6 3. Nf3 Nc6 4. d4 exd4 5. Nxd4 Bb4 6. g3 Ne5 7. Qb3 Bc5 8. Be3 d6 9. Na4 O-O 10. Nxc5 dxc5 11. Nf3 Nxf3+ 12. exf3 b6 13. Bg2 Bb7 14. O-O Qd6 15. Rad1 Qc6 16. Qd3 Rfe8 17. Rfe1 h6 18. h3 Nh7 19. b3 Nf8 20. Kh2 Ng6 21. Qc3 Rad8 22. Rxd8 Rxd8 23. Bc1 f6 24. Bh1 Qd6 25. f4 Bxh1 26. Kxh1 Ne7 27. Qf3 Qc6 28. Kg2 Kf8 29. Qxc6 Nxc6 30. f5 Nb4 31. Re2 Re8 32. Rd2 Re1 33. Ba3 Nc6 34. Rd7 Re7 35. Rxe7 Kxe7 {'' Krasenkow.} 1/2-1/2

[Event "34th Rubinstein Memorial"]
[Site "Polanica Zdroj POL"]
[Date "1997.08.??"]
[Round "8"]
[White "Rublevsky, Sergei"]
[Black "Andersson, Ulf"]
[WhiteElo "2650"]
[BlackElo "2640"]
[Result "1-0"]
[EventDate "1997.08.18"]
[PlyCount "57"]
1. e4 c5 2. Nf3 Nc6 3. Bb5 g6 4. Bxc6 dxc6 5. d3 Bg7 6. h3 Nf6 7. Nc3 O-O 8. Be3 b6 9. Qd2 Re8 10. a3 a5 11. O-O Nd7 12. Nh2 Nf8 13. f4 f5 14. Rae1 Ne6 15. exf5 gxf5 16. Nf3 Nd4 17. Ne5 Be6 18. Qf2 Bxe5 19. fxe5 Kh8 20. Bxd4 Qxd4 21. Ne2 Qxf2+ 22. Rxf2 Red8 23. Ng3 Rf8 24. Ref1 Rad8 25. Nxf5 Rd5 26. Nxe7 Rxf2 27. Kxf2 Rxe5 28. Nxc6 Rf5+ 29. Kg1 1-0

[Event "34th Rubinstein Memorial"]
[Site "Polanica Zdroj POL"]
[Date "1997.08.28"]
[Round "9"]
[White "Alexandrov, Alexei"]
[Black "Ehlvest, Jaan"]
[WhiteElo "2660"]
[BlackElo "2610"]
[Result "1/2-1/2"]
[EventDate "1997.08.18"]
[PlyCount "32"]
1. d4 e6 2. c4 Bb4+ 3. Nc3 b6 4. e3 Nf6 5. Nge2 Ne4 6. Bd2 Nxd2 7. Qxd2 O-O 8. a3 Be7 9. Nf4 d6 10. Be2 Bb7 11. O-O Nd7 12. Rfd1 Bg5 13. b4 Qe7 14. Rac1 Bh6 15. Bf1 g6 16. Qc2 c6 1/2-1/2

[Event "34th Rubinstein Memorial"]
[Site "Polanica Zdroj POL"]
[Date "1997.08.28"]
[Round "9"]
[White "Andersson, Ulf"]
[Black "Krasenkow, Michal"]
[WhiteElo "2640"]
[BlackElo "2645"]
[Result "1/2-1/2"]
[EventDate "1997.08.18"]
[PlyCount "26"]
1. Nf3 d5 2. d4 Nf6 3. c4 e6 4. g3 dxc4 5. Qa4+ Bd7 6. Qxc4 Bc6 7. Bg2 Bd5 8. Qd3 Be4 9. Qd1 c5 10. Nc3 Bc6 11. O-O Nbd7 12. Bg5 h6 13. Bxf6 Nxf6 1/2-1/2